Неизвестно за известни български музиканти (Запис номер 74610)
[ съкратено ]
| 000 -Лидер | |
|---|---|
| Контролно поле с фиксирана дължина | 01998nam a2200445 c 4500 |
| 003 - Код на организацията, давaща контролен номер | |
| Контролно поле | BLK |
| 005 - Дата и час на последна редакция | |
| Контролно поле | 20180422103440.0 |
| 008 - Елементи от данни с фиксирана дължина | |
| fixed length control field | 180408b bul|||||r ||||||| ||bul|| |
| 010 ## - Наследен системен номер | |
| LC control number | KNG00079013000 |
| 020 ## - Международен стандартен номер на книга ISBN | |
| Международен стандартен номер на книга ISBN | 978-954-321-341-2 |
| -- | издат.: Изток-Запад - на том(ч. 1) |
| 040 ## - Източник на каталожния запис | |
| Идентификатор на билиотеката - собственик на записа | BLK |
| 041 ## - Код за език | |
| Код за езика на текст/звукозапис или на отделно заглавие | Български |
| Код за езика КДБФ | Български |
| 080 ## - УДК | |
| Текстов определител УДК | Творчески и изпълнителски длъжности |
| УДК код - определител по УДК | 78.071 |
| УДК определител | (497.2)(092) |
| УДК - код + определител | 78.071(497.2)(092) |
| 080 ## - УДК | |
| Текстов определител УДК | Биографии |
| УДК код - определител по УДК | 929 |
| УДК определител | (497.2) |
| УДК - код + определител | 929(497.2) |
| 139 ## - Редно поле | |
| Редна дума | Неизвестно за известни български музиканти |
| Авторски знак | Неи - Н 47 |
| 245 10 - Сведения за заглавието | |
| Заглавие | Неизвестно за известни български музиканти |
| Подзаглавни данни | Ч. 1 - |
| Редно поле (дума) | авт. на том Весела Костова Желева; състав. и ред. Емил Николов Янев. |
| Том | Ч. 1 |
| 257 ## - Страна на издаване | |
| Страна на създаване/издаване | България |
| 260 ## - Област на издателските данни | |
| -- | София |
| Година на издаване | 2007 - |
| 300 ## - Физическа характеристика | |
| Размери/Мащаб | 23 см |
| 380 ## - Жанр | |
| Жанр | Изкуство |
| 590 ## - Забележки на библиотеката, притежаваща документа (RLIN) | |
| Служебно | ф |
| 650 #4 - Допълнително описание по предмет – тема | |
| Основно описание – тема или топоним | Музика, българска |
| 9 (RLIN) | 241862 |
| 650 #4 - Допълнително описание по предмет – тема | |
| Основно описание – тема или топоним | Музиканти, български |
| 9 (RLIN) | 260944 |
| 651 #4 - Допълнително описание по предмет - топоним | |
| Географско понятие | България |
| 9 (RLIN) | 241624 |
| 653 ## - Ключова дума – ненормативна | |
| Ключова дума | певци |
| 653 ## - Ключова дума – ненормативна | |
| Ключова дума | пианисти |
| 653 ## - Ключова дума – ненормативна | |
| Ключова дума | история на музиката |
| 653 ## - Ключова дума – ненормативна | |
| Ключова дума | музиканти |
| 653 ## - Ключова дума – ненормативна | |
| Ключова дума | диригенти |
| 653 ## - Ключова дума – ненормативна | |
| Ключова дума | биографии |
| 653 ## - Ключова дума – ненормативна | |
| Ключова дума | народна музика |
| 700 1# - Други автори (авторска отговорност) | |
| Лично име | Желева, Весела Костова |
| Автороска отговорност (Описва отношението между автора и произведението) | авт. на том |
| 9 (RLIN) | 296977 |
| 700 1# - Други автори (авторска отговорност) | |
| Лично име | Янев, Емил Николов |
| Автороска отговорност (Описва отношението между автора и произведението) | състав. и ред. |
| 9 (RLIN) | 371657 |
| 760 1# - Описание на основната серия | |
| -- | - на том(ч. 1) |
| Място на издаване, издател и година | Изток-Запад, 2007 |
| Страници - том | 424 с. : със сн. |
| Забележка - том | Други авт. : Ем. Янев, М. Вълчанов, М. Букурещлиев, Пр. Горанова, Ст. Караиванов. - Съдържа и Бележки за авторите |
| Заглавие | Ч. 1 |
| 852 ## - Местоположение | |
| Форматна сигнатура | Цб 236699 |
| 856 4# - Електронен адрес и достъп | |
| Електронен формат | pdf - файл |
| Път до файла /url/ | |
| 856 4# - Електронен адрес и достъп | |
| Електронен формат | pdf - файл |
| Път до файла /url/ | |
| 942 ## - АРТИКУЛИ | |
| Вид на библиотечния материал | Книги |
| Скрит в OPAC | Не |
| 944 ## - СЪЗДАВАНЕ И РЕДАКЦИЯ на ЗАПИСА | |
| Създаване/Редакция | Създаване |
| Дата на регистрацията/редакция | 08.11.2007 |
| Служител, извършил регистрацията/редакцията | Милена_Ачева |
| 944 ## - СЪЗДАВАНЕ И РЕДАКЦИЯ на ЗАПИСА | |
| Създаване/Редакция | Редакция |
| Дата на регистрацията/редакция | 24.01.2015 |
| Служител, извършил регистрацията/редакцията | Ирена_Линкова |
| 999 ## - СИСТЕМНИ КОНТРОЛНИ НОМЕРА | |
| Koha biblionumber | 74610 |
| Koha biblioitemnumber | 74610 |
| Код за отписване | Код за изгубен артикул | Източник на класификационната схема | Код за повреда | Коз за рестрикции | Код за отдаване | Артикулен № | Име на библиотеката - собственик | Име на библиотеката, в която се намира в момента | Статус (Текущо местоположение) | Дата на вписване в системата | Местоположение - отдел | Цена в лева | Инвентарен номер | Систематично азбучна сигнатура | Баркод | Номер на екземпляра | Цена в евро | Служебна бележка | Служебен тип на артикула |
|---|---|---|---|---|---|---|---|---|---|---|---|---|---|---|---|---|---|---|---|
| Не е изгубен | Universal Decimal Classification | Не е повреден | без рестрикции | заемане за дома | 121407 | Регионална библиотека "Любен Каравелов" Русе | Регионална библиотека "Любен Каравелов" Русе | Отдел Изкуство - подръчен фонд | 2007-11-08 | Отдел Изкуство - подръчен фонд | 22.00 | 120000719525 | 78(497.2)(092)/Н 47 | 120000719525 | 1 | 11.25 | Дост: Pk Вид: Ф N: 10423 Дата: 02.11.2007 Дата инв: 19.06.2012 Бележки инв: * | Книги | |
| Не е изгубен | Universal Decimal Classification | Не е повреден | без рестрикции | заемане за дома | 121408 | Регионална библиотека "Любен Каравелов" Русе | Регионална библиотека "Любен Каравелов" Русе | Отдел Изкуство - подръчен фонд | 2008-09-29 | Отдел Изкуство - подръчен фонд | 22.00 | 120000729839 | 78(497.2)(092)/Н 47 | 120000729839 | 2 | 11.25 | Дост: Pk Вид: Ф N: 8936 Дата: 24.09.2008 Дата инв: 03.04.2017 Бележки инв: ИП2017 | Книги | |
| Не е изгубен | Universal Decimal Classification | Не е повреден | само за читалня | ползва се в читалня | 121409 | Регионална библиотека "Любен Каравелов" Русе | Регионална библиотека "Любен Каравелов" Русе | Хранилище | 2009-08-21 | Хранилище | 22.00 | 120000737476 | Цб 236699 | 120000737476 | 3 | 11.25 | Дост: Dp Вид: Д N: 10 Дата: 26.02.2009 | Книги |